000
00242nam a22001097a 4500
008
160519b xxu||||| |||| 00| 0 eng d
020
_a
0878575529
041
_a
eng
080
_a
61
245
_a
Using medicines wisely:
_c
Usi;
942
_2
udc
_c
BK
999
_c
2222
_d
2222